000 nam a22 7a 4500
999 _c9572
_d9572
008 180205b ||||| |||| 00| 0 eng d
100 _aTayal, B B
_95723
245 _aComposite social science for us - VII
260 _aNew Delhi
_bArya Publication
_c2007